000 00630cam a22002171 4500
001 e 23000063
003 DLC
005 20260227111214.0
008 721106s1922 xx 000 0 eng
010 _ae 23000063
035 _a(OCoLC)486590
040 _aDLC
_cOAU
_dDLC
042 _apremarc
050 0 0 _aPN58
_b.G6
100 1 _aGosse, Edmund,
_d1849-1928
245 1 4 _aThe continuity of literature,
_bpresidential address, 1922,
_cby Edmund Gosse ...
260 _a[Oxford,
_bOxford university press]
_c1922.
300 _a15 p.
_c25 cm.
490 0 _aThe English association. Pamphlet
_vno. 54
650 0 _aLiterature.
999 _c20597
_d20597